00474nam a22001697a 450000500170000001000130001702000180003003500130004803700090006108200120007010000210008224500810010326000350018427000410021930000260026050000180028620210611154843.0 aB-740220 a9780060555665 aB-740220 bGift a332.678 aGraham, Benjamin aThe Intelligent Investor:bA book of Practical Counsel /cby Benjamin Graham aNew YorkbHarpercollins c2006 a10 East 53rd StreetbNew Yorke10022 axiv, 623p.c20cm(pbk) ainclude index